| 000 -LEADER |
| fixed length control field |
00679nam a22002057a 4500 |
| 008 - FIXED-LENGTH DATA ELEMENTS--GENERAL INFORMATION |
| fixed length control field |
131009b xxu||||| |||| 00| 0 alb d |
| 020 ## - INTERNATIONAL STANDARD BOOK NUMBER |
| International Standard Book Number |
9951130002X |
| 041 0# - LANGUAGE CODE |
| Language code of text/sound track or separate title |
alb |
| 080 ## - UNIVERSAL DECIMAL CLASSIFICATION NUMBER |
| Universal Decimal Classification number |
011 |
| Common auxiliary subdivision |
(05) |
| 100 ## - Rafti |
| Rafti |
Foniqi, Tahir |
| 245 10 - TITLE STATEMENT |
| Title |
Bibliografia e revistës KOHA 1978 - 1989 / |
| Statement of responsibility, etc |
Tahir Foniqi. |
| 260 ## - |
| -- |
Prishtinë : |
| -- |
Biblioteka Kombëtare dhe Universitare e Kosovës ; |
| -- |
2004 |
| 300 ## - |
| -- |
208 f. ; |
| -- |
20 cm. |
| 500 ## - |
| -- |
Parathënie: f. 5 |
| 505 ## - |
| -- |
Treguesit : f. 169 - 211 |
| 650 #0 - |
| -- |
Bibliografia |
| -- |
Revista "Koha" |
| -- |
1978-1989 |
| 650 #0 - |
| -- |
Bibliografia |
| -- |
Shtypi periodik shqiptar |
| 700 ## - |
| -- |
Biblioteka Kombëtare dhe Universitate e Kosovës. |
| 942 ## - ADDED ENTRY ELEMENTS (KOHA) |
| Source of classification or shelving scheme |
|
| Item type |
Books |